| 000 | 01512nam a22002057a 4500 | ||
|---|---|---|---|
| 999 |
_c18958 _d18958 |
||
| 008 | 240206b ||||| |||| 00| 0 eng d | ||
| 020 | _a978-1-11982593-7 (hardback) | ||
| 082 |
_22023 _aDC 004.36 _bG346 |
||
| 100 |
_aGhosh, Ratan K., author. _951630 |
||
| 245 |
_aDistributed systems : _btheory and applications |
||
| 260 |
_aPiscataway, NJ. : _bIEEE Press, _c©2023. |
||
| 300 |
_a532 pages : _billustrations ; _c24 cm. |
||
| 500 | _aIncludes index. | ||
| 520 | _a"This book is organized around three aspects of distributed systems: networks middleware tools, and applications. The authors introduce the network issues and high level connection tools in the initial chapters of the book. The abstractions and the implementations of several middleware for distributed computing are described over following chapters of the book, which constitute the bulk of core foundational topics. Going further, the authors discuss P2P, coordinated architectures, and advanced middleware for building large modern distributed applications spread over six chapters. Very large distributed systems rely on Intelligent and autonomous behavior of its components. In this context, the authors present distributed knowledge management and distributed multi-agent systems in the final chapters of the book."-- | ||
| 650 |
_aElectronic data processing -- Distributed processing. _951631 |
||
| 650 |
_aComputer networks. _951632 |
||
| 700 |
_aGhosh, Hiranmay, author _951633 |
||
| 365 |
_b10,280.00 _cPhp |
||
| 942 |
_2ddc _cDC |
||